000 00324nam a2200133 i 4500
001 bg
100 1 _aMERTON, Robert
245 0 _aTeoria socjologiczna i struktura społeczna /
_cRobert Merton.
260 _aWarszawa,
_c1982.
040 _cBPK
041 _apol
942 _cKS
008 s pl f |000 0 pol
999 _c20920
_d20920
856 _uhttp://koha.tu.koszalin.pl/cgi-bin/koha/opac-detail.pl?biblionumber=20920
_yKatalog online BPK